000 00605nam a2200229 i 4500
001 bgj
100 1 _aKAYE, Mary Margaret
_d(1908-2004).
245 1 0 _aShadow of the Moon /
_cM. M. Kaye.
250 _a[Reprint].
260 _aMidlesesx, England :
_bPenguin Books,
_c1980.
300 _a614 pp ;
_c20 cm.
650 9 _aHistorical fiction
650 9 _aWar stories
651 9 _aIndia
_xHistory
_ySepoy Rebelion, 1857-1858
655 _aFiction
020 _a0140053166
040 _cBPK
041 0 _aeng
920 _a0-14-005316-6
942 _cKS
008 s uk f |000 0 eng
999 _c47539
_d47539
856 _uhttp://koha.tu.koszalin.pl/cgi-bin/koha/opac-detail.pl?biblionumber=47539
_yKatalog online BPK